000 00286nam a2200121Ia 4500
008 190216s9999||||xx |||||||||||||| ||und||
100 _aLinus Pauling
245 0 _aGeneral Chemistry
260 _bVakils Feffer & Simons Pvt.
_c1953
300 _a710p
650 _aChemistry
942 _cBK
999 _c1942
_d1942